000 00364nam a2200157Ia 4500
003 IT-RoPAU
008 120407s9999 xx 000 0 und d
040 _aIT-RoPAU
040 _cIT-RoPAU
100 _aGiulio Battelli
245 _aActa Pontificium. Exempla scripturarum. Fasciculus III
260 _aVaticana
300 _c cm
490 _v1
942 _cBK
999 _c12446
_d12446